Score 0/88 Timer 15:00
1 Play Today
Year Movie % Correct
1992Sister Act
89.3%
1990Ghost
87.9%
1993Sister Act 2: Back in the Habit
84.6%
1985The Color Purple
77.6%
1994The Lion King
56.5%
1999Alice in Wonderland
50.1%
1986Jumpin' Jack Flash
45.9%
1997A Christmas Carol
43.2%
1994The Little Rascals
37.8%
1994Corrina, Corrina
35.1%
1994Star Trek: Generations
31.3%
2002Star Trek: Nemesis
30.9%
1996Eddie
28.6%
1993Made in America
20%
1999Girl, Interrupted
15.4%
2001Rat Race
15.3%
2004The Lion King 1 1/2
14.1%
2010Toy Story 3
13.6%
1987Burglar
13.6%
1995Boys on the Side
12.8%
1988Clara's Heart
12.5%
1996Ghosts of Mississippi
12.4%
1996The Associate
12.3%
1994The Pagemaster
11.4%
1987Fatal Beauty
11.4%
1992The Player
11.1%
1995Theodore Rex
11%
1991Soapdish
10.6%
1997Rodgers & Hammerstein's Cinderella
10.6%
1998How Stella Got Her Groove Back
10.6%
Year Movie % Correct
1992Sarafina!
10.2%
1996Bogus
9.9%
1990The Long Walk Home
9.2%
1988Whoopi Goldberg: Fontaine... Why Am I Straight
8.8%
1988The Telephone
8.4%
2005Whoopi: Back to Broadway - The 20th Anniversary
8.3%
2011The Muppets
7.8%
2010For Colored Girls
7.3%
2001Monkeybone
6.9%
1999The Deep End of the Ocean
6.8%
1989Homer and Eddie
6.8%
2004Racing Stripes
6.5%
1993National Lampoon's Loaded Weapon 1
6.5%
2001Call Me Claus
6.4%
1995Moonlight and Valentino
6.4%
2002Madeline: My Fair Madeline
6.3%
1998The Rugrats Movie
6.3%
2008A Muppets Christmas: Letters to Santa
6.2%
2002It's a Very Merry Muppet Christmas Movie
5.9%
2011A Little Bit of Heaven
5.9%
1982Citizen
5.7%
2001Kingdom Come
5.7%
2014Teenage Mutant Ninja Turtles
5.6%
2006Everyone's Hero
5.5%
2000The Adventures of Rocky & Bullwinkle
5.3%
2006Doogal
5.1%
1998A Knight in Camelot
5.1%
1997Mother Goose: A Rappin' and Rhymin' Special
4.9%
2003Blizzard
4.9%
2018Nobody's Fool
4.8%
Year Movie % Correct
1997In the Gloaming
4.6%
1998Rudolph the Red-Nosed Reindeer: The Movie
4.5%
1993Naked in New York
4.5%
2003Good Fences
4.4%
2008Snow Buddies
4.2%
2014Big Stone Gap
4.1%
20179/11
4.1%
2001Golden Dreams
3.8%
2004Pinocchio 3000
3.8%
1989Kiss Shot
3.8%
1997Destination Anywhere
3.8%
2014Top Five
3.7%
2011The Little Engine That Could
3.6%
2014A Day Late and a Dollar Short
3.5%
2006Farce of the Penguins
3.5%
1998Alegría
3.4%
2018Furlough
3.2%
2006Homie Spumoni
3.1%
2000More Dogs Than Bones
3%
1999The Magical Legend of the Leprechauns
2.9%
2007If I Had Known I Was a Genius
2.8%
2016King of the Dancehall
2.6%
1999Jackie's Back!
2.4%
1999Our Friend, Martin
2.3%
1993A Cool Like That Christmas
2.3%
2016A Warrior's Tail
2.1%
2001What Makes a Family
1.8%
2014TCB Baby
1.7%

You're not logged in!

Compare scores with friends on all Sporcle quizzes.
OR
Log In

Sporcle TV

Today on Sporcle TV


Watch our educational content, quiz creation guides, and fun videos on Sporcle TV.

Show Comments

Extras

Top Quizzes Today


Score Distribution

Paid Content

Your Account Isn't Verified!

In order to create a playlist on Sporcle, you need to verify the email address you used during registration. Go to your Sporcle Settings to finish the process.

Report this User

Report this user for behavior that violates our Community Guidelines.

Details: